Statistics for Biggest cities of former Czechoslovakia

Click here to take the quiz!

General Stats

  • This quiz has been taken 31 times
  • The average score is 9 of 15

Answer Stats

PopulationAnswer% Correct
1 294 513Prague
100%
429 564Bratislava
100%
379 527Brno
89%
290 450Ostrava
86%
239 095Košice
82%
170 936Pilsen
75%
100 494Olomouc
57%
93 863České Budějovice
54%
103 979Liberec
50%
93 040Ústí nad Labem
43%
85 461Žilina
39%
90 335Pardubice
36%
92 875Prešov
32%
92 917Hradec Králové
29%
116 700Užhorod
11%

Score Distribution

Percentile by Number Answered

Percent of People with Each Score

Your Score History

You have not taken this quiz